Wastage in college education: two studies about students of the University of Poona (Record no. 371073)

000 -LEADER
fixed length control field 00591cam a22001697a 4500
008 - FIXED-LENGTH DATA ELEMENTS--GENERAL INFORMATION
fixed length control field 180718b1963 xxu||||| |||| 00| 0 eng d
082 ## - DEWEY DECIMAL CLASSIFICATION NUMBER
Classification number P52x5442 K127
100 ## - MAIN ENTRY--PERSONAL NAME
Personal name Kamat, A.R.
245 ## - TITLE STATEMENT
Title Wastage in college education: two studies about students of the University of Poona
Statement of responsibility, etc. by A.R. Kamat and A.G. Deshmukh
260 ## - PUBLICATION, DISTRIBUTION, ETC.
Place of publication, distribution, etc. Poona
Name of publisher, distributor, etc. Gokhale Institute of Politics and Economics
Date of publication, distribution, etc. 1963
300 ## - PHYSICAL DESCRIPTION
Extent 202p.
650 ## - SUBJECT ADDED ENTRY--TOPICAL TERM
Topical term or geographic name entry element Mental efficiency
650 ## - SUBJECT ADDED ENTRY--TOPICAL TERM
Topical term or geographic name entry element Ability
650 ## - SUBJECT ADDED ENTRY--TOPICAL TERM
Topical term or geographic name entry element Fergusson College (Poona, India) --Students
650 ## - SUBJECT ADDED ENTRY--TOPICAL TERM
Topical term or geographic name entry element University of Poona --Students
700 ## - ADDED ENTRY--PERSONAL NAME
Personal name Deshmukh, A.G.
Holdings
Withdrawn status Lost status Damaged status Not for loan Permanent Location Current Location Date acquired Full call number Barcode Date last seen Price effective from Koha item type
        Indian Institute of Public Administration Indian Institute of Public Administration 1994-06-08 P52x5442 K127 33253 2018-07-21 2018-07-21 Book

Powered by Koha